Flagi z największym procentem koloru - Statystyki

Ogólne statystyki
  • Ten quiz został rozwiązany 236 razy
  • Średni wynik to 4 z 9
Statystyki odpowiedzi
Kolor Procent koloru Państwo % Poprawnych
Czerwony ok. 98% Maroko
60%
Biały ok. 90% Cypr
59%
Fioletowy ok. 0,5% Dominika
54%
Pomarańczowy ok. 41% Bhutan
42%
Czarny ok. 49% Libia
40%
Zielony ok. 92% Arabia Saudyjska
38%
Niebieski ok. 98% Mikronezja
37%
Żółty ok. 55% Brunei
27%
Brązowy ok. 8% Andora
14%
Nie znaleziono quizów pasujących do podanych kryteriów
Rozkład punktacji
Procent ludzi z każdym wynikiem
Percentyl według liczby udzielonych odpowiedzi
Twoja historia wyników
Nie rozwiązałeś tego quizu